Score 0/19 Timer 03:00
0 Plays Today
Hint Answer % Correct
Wayne's ___World
96.5%
Ri¢hie ___Ri¢h
92%
King ___Kong
90.5%
Tropic ___Thunder
85.7%
Gone ___Girl
85.1%
Jesse ___James
83%
Dirty ___Dancing
82.4%
Coach ___Carter
78.8%
Angela's ___Ashes
77.1%
Peter ___Pan
75.8%
Hint Answer % Correct
Mad ___Max
75.2%
Brother ___Bear
74.2%
Eagle ___Eye
64.7%
Finding ___Forrester
57.9%
Hudson ___Hawk
54.7%
Nicholas ___Nickleby
51.1%
Vegas ___Vacation
48.5%
Seven ___Samurai
38.7%
Love ___Letters
23.6%

Today's Daily Dose

Word Ladder
AC/DC Albums

Quick Pick
Martial Arts

Get the Picture
Monarchy or Presidency

Remove Ads.
Support Sporcle.
Get the best of Sporcle when you Go Orange. This ad-free experience offers more features, more stats, and more fun while also helping to support Sporcle. Thank you for becoming a member.

You're not logged in!

Compare scores with friends on all Sporcle quizzes.
OR
Log In

Show Comments

Extras

Top Quizzes Today


Score Distribution

Your Account Isn't Verified!

In order to create a playlist on Sporcle, you need to verify the email address you used during registration. Go to your Sporcle Settings to finish the process.

Report this User

Report this user for behavior that violates our Community Guidelines.

Details: